000
00206 a2200097 4500
001
44437
100
_a
Adair
245
_a
Training for Leadership
260
_a
London
_b
Macdonald
_c
090
_c
28152
_d
28152
942
_a
NUST-CAE
_c
M
_c
20172
999
_c
279510
_d
279510